| 000 | 00364nam a2200133Ia 4500 | ||
|---|---|---|---|
| 008 | 230511s1989 xx 000 0 und d | ||
| 041 | _aeng | ||
| 082 | _a343.052 | ||
| 100 | _aBhandari M C | ||
| 245 | _aWadhwas The Income Tax Act/Rules-I | ||
| 260 |
_aNagpur _bWadhawa & Company Law Publishing _c1989 |
||
| 300 | _a1979 | ||
| 906 | _aTax Laws - Income Tax | ||
| 999 |
_c344532 _d344532 |
||